=LDR 00000nam 2200000 4500 =001 INLIS00000000000049 =005 20260702043538 =020 ##$$a 978-602-1243-96-1 =082 ##$$a 012.401 =100 1#$$a Ar-Rasyid, Harun =245 1 $$a Kisah Teladan Ibadah Qurban /$c Harun Ar-Rasyid =300 ##$$a 64 ; 20 x 20